| 000 | 01463cam a22003975a 4500 | ||
|---|---|---|---|
| 001 | 15590258 | ||
| 003 | EG-ScBUE | ||
| 005 | 20220102114426.0 | ||
| 008 | 090116r20081998enk f b 000 1 eng d | ||
| 020 | _a9780199537150 (pbk.) | ||
| 035 | _a(OCoLC)ocn228195173 | ||
| 040 |
_aUKM _beng _erda _cUKM _dYDXCP _dDLC _dEG-ScBUE |
||
| 043 | _ae-sz--- | ||
| 082 | 0 | 4 |
_a823.7 _bSHE _222 |
| 100 | 1 |
_aShelley, Mary Wollstonecraft, _d1797-1851, _eauthor. _924961 |
|
| 240 | 1 | 0 | _aFrankenstein |
| 245 | 1 | 0 |
_aFrankenstein, or, The modern Prometheus : _bthe 1818 text / _cMary Shelley ; edited with introduction and notes by Marilyn Butler. |
| 246 | 3 | 3 | _aModern Prometheus |
| 250 | _aReprinted edition. | ||
| 264 | 1 |
_aOxford : _bOxford University Press, _c2008. |
|
| 300 |
_alxi, 261 pages ; _c20 cm. |
||
| 336 |
_2rdacontent _atext _btxt |
||
| 337 |
_2rdamedia _aunmediated _bn |
||
| 338 |
_2rdacarrier _avolume _bnc |
||
| 490 | 0 | _aOxford world's classics | |
| 504 | _aIncludes bibliographical references. | ||
| 600 | 1 | 7 |
_aFrankenstein, Victor _c(Fictitious character) _vFiction. _2BUEsh |
| 600 | 0 | 7 |
_aFrankenstein's Monster _c(Fictitious character) _vFiction. _2BUEsh |
| 650 | 7 |
_aScientists _vFiction. _2BUEsh _924965 |
|
| 650 | 7 |
_aMonsters _vFiction. _2BUEsh _924966 |
|
| 651 | 7 |
_aGeneva (Switzerland) _vFiction. _2BUEsh |
|
| 653 |
_bHHUUEENN _cOctober2018 |
||
| 655 |
_vReading book _934232 |
||
| 700 | 1 |
_aButler, Marilyn, _eauthor of introduction, etc. |
|
| 942 |
_2ddc _cBB |
||
| 999 |
_c26865 _d26837 |
||